Normal view MARC view

Entry Nombre personal

Number of records used in: 2

001 - NÚMERO DE CONTROL

  • campo de control: 28425

003 - IDENTIFICADOR DE NÚMERO DE CONTROL

  • campo de control: OSt

005 - FECHA Y HORA DE LA ÚLTIMA TRANSACCIÓN

  • campo de control: 20221005160820.0

008 - ELEMENTOS DE DATO DE LONGITUD-FIJA

  • campo de control de longitud fija: 221005|| aca||aabn | a|a d

040 ## - FUENTE DE CATALOGACIÓN

  • Centro catalogador/agencia de origen: OSt
  • Centro/agencia transcriptor: OSt

100 ## - ENCABEZAMIENTO-NOMBRE DE PERSONA

  • Nombre de persona: REBOLLO, Julián

670 ## - FUENTE DE DATOS ENCONTRADOS

  • Cita de la fuente: Work cat.: (OSt)37129: ORTEGA, Alejandra 20465, Jira Bulah, Delegada del Frente Polisario para España :, 2016

Powered by Koha